000 00602nam a2200241Ia 4500
003 OSt
005 20220918203519.0
006 a|||||r|||| 00| 0
007 ta
008 220917b |||||||| |||| 00| 0 eng d
024 _a108,728
037 _cTextual
040 _aARTS
_cARTS
_beng
041 _2eng
_aeng
082 _aV4:1:N4, G5
100 _aMogi Sobei
_9108921
245 0 _aProblem of the Far-East
260 _c1935
650 _aHISTORY
700 _a Vere Redman H
_9108922
942 _hV4:1:N4, G5
_cTEXL
_2CC
999 _c232082
_d232082